000
00215nam a22000857a 4500
008
161114b xxu||||| |||| 00| 0 eng d
100
_9
1194
_a
Scott.P.
245
_a
Targetting Mathematics-2
260
_a
New Delhi
_b
MEB
_c
2012
999
_c
3882
_d
3882